[Event "Titled Tue 17th Jun Late"]
[Site "chess.com INT"]
[Date "2025.06.17"]
[Round "8"]
[White "Atoyan, Alberto"]
[Black "Zuferi, Enis"]
[Result "0-1"]
[WhiteTitle "CM"]
[BlackTitle "FM"]
[WhiteElo "2266"]
[BlackElo "2339"]
[WhiteFideId "13314831"]
[BlackFideId "24692530"]
[EventDate "2025.06.17"]

1. e4 c5 2. Nf3 d6 3. Bc4 Nf6 4. d3 Nc6 5. O-O g6 6. Re1 Bg7 7. c3 O-O 8. d4
cxd4 9. cxd4 Bg4 10. d5 Ne5 11. Be2 Nxf3+ 12. Bxf3 Bxf3 13. Qxf3 Nd7 14. Nc3 Rc8
15. Be3 a6 16. Red1 Qa5 17. Bd4 Bxd4 18. Rxd4 Qb6 19. Rd2 Ne5 20. Qe2 Rc7 21.
Rc2 Rfc8 22. Rac1 Qa5 23. a3 Rc4 24. h3 Qb6 25. Na4 Qb3 26. Nc3 b5 27. f4 Nd7
28. e5 Rxf4 29. exd6 exd6 30. Qe7 Ne5 31. Qxd6 Nd3 32. Rd2 Rd4 33. Rcd1 Nxb2 34.
Rxd4 Qxc3 35. R1d2 Qe3+ 36. Kh2 Rc1 37. Qb8+ Kg7 38. Qf4 Qg1+ 39. Kg3 Rc3+ 40.
Kh4 Nc4 41. d6 Ne3 42. Qxe3 Qxe3 43. d7 Qe7+ 44. Kg4 h5+ 45. Kf4 g5+ 46. Kf5
Qf6+ 47. Ke4 Qe6# 0-1

[Event "Titled Tue 17th Jun Late"]
[Site "chess.com INT"]
[Date "2025.06.17"]
[Round "8"]
[White "Alothman , Ali Layth Ahmed"]
[Black "Silva Lucena, Cristian"]
[Result "0-1"]
[WhiteTitle "FM"]
[BlackTitle "FM"]
[WhiteElo "2179"]
[BlackElo "2243"]
[WhiteFideId "4801920"]
[BlackFideId "2232588"]
[EventDate "2025.06.17"]

1. e4 c5 2. Nf3 e6 3. b3 Nf6 4. e5 Nd5 5. g3 Nc6 6. Bb2 Qc7 7. Bg2 b5 8. O-O Bb7
9. d3 Be7 10. Re1 f5 11. exf6 Nxf6 12. Nbd2 O-O 13. Ne4 Nxe4 14. dxe4 c4 15. a4
b4 16. e5 c3 17. Bc1 Bc5 18. Be3 Bxe3 19. Rxe3 Ne7 20. Rd3 Bd5 21. a5 Rab8 22.
Qe2 Bc6 23. Qe3 Nf5 24. Qc5 Rb5 25. Qc4 Qb7 26. Ne1 Bxg2 27. Nxg2 Rxe5 28. Rad1
d5 29. Qc5 Rc8 30. a6 Rxc5 31. axb7 Rb5 32. g4 Nd6 33. f4 Re4 34. f5 Rxb7 35.
fxe6 Rxe6 36. Rxd5 Nb5 37. Nf4 Re8 38. Nd3 Na3 39. Rc1 Rbe7 40. Kf2 Re2+ 41. Kf3
Nxc2 42. Rg1 R2e3+ 43. Kf4 R3e4+ 0-1

[Event "Titled Tue 17th Jun Late"]
[Site "chess.com INT"]
[Date "2025.06.17"]
[Round "8"]
[White "Manukyan, Sargis A."]
[Black "Manvelyan, Mikayel"]
[Result "0-1"]
[WhiteTitle "FM"]
[BlackTitle "FM"]
[WhiteElo "2294"]
[BlackElo "2362"]
[WhiteFideId "13303970"]
[BlackFideId "13310143"]
[EventDate "2025.06.17"]

1. d4 Nf6 2. c4 e6 3. Nc3 Bb4 4. e3 b6 5. a3 Bxc3+ 6. bxc3 Nc6 7. Bd3 Na5 8. e4
d6 9. f4 e5 10. fxe5 dxe5 11. Nf3 Nd7 12. O-O O-O 13. c5 bxc5 14. d5 c4 15. Bc2
f6 16. Be3 Qe7 17. Qe1 Nc5 18. Qf2 Nab3 19. Rab1 c6 20. dxc6 Be6 21. Nd2 Rfc8
22. Qe2 Nxd2 23. Bxd2 Rxc6 24. Be3 Nd3 25. Rfd1 Rd6 26. Qf1 Rad8 27. Bxd3 Rxd3
28. Rxd3 cxd3 29. Qc1 Qd7 30. Qd2 Qa4 31. h3 Qxe4 32. Bxa7 h5 33. Be3 Qa4 34.
Rb7 Qxa3 35. Qf2 Qa1+ 36. Kh2 Qxc3 37. Qg3 Rd7 38. Rb8+ Kh7 39. Qf3 Kg6 40. Qe4+
Bf5 41. Qf3 d2 42. Qg3+ Kf7 43. Bxd2 Qxg3+ 44. Kxg3 Rxd2 45. Kh4 Rxg2 46. Kxh5
Rg3 47. Kh4 Rxh3# 0-1

[Event "Titled Tue 17th Jun Late"]
[Site "chess.com INT"]
[Date "2025.06.17"]
[Round "8"]
[White "Beulen, Marcel"]
[Black "Bratovic, Blaz"]
[Result "0-1"]
[WhiteTitle "FM"]
[BlackTitle "IM"]
[WhiteElo "2359"]
[BlackElo "2319"]
[WhiteFideId "1001450"]
[BlackFideId "14603551"]
[EventDate "2025.06.17"]

1. e4 c5 2. Nf3 d6 3. Bc4 Nc6 4. O-O Nf6 5. Re1 e6 6. Bb3 Be7 7. c3 O-O 8. d4 d5
9. e5 Ne4 10. Bc2 f5 11. exf6 Nxf6 12. Nbd2 cxd4 13. cxd4 Bd7 14. Nb3 Bd6 15.
Bg5 h6 16. Bh4 b6 17. Bg3 Bxg3 18. hxg3 Ng4 19. Qd3 Nf6 20. a3 Rc8 21. Nbd2 Ne7
22. Ne5 Nf5 23. Rac1 Nd6 24. f3 Be8 25. Ng6 Bxg6 26. Qxg6 Qe8 27. Qxe8 Rfxe8 28.
Bg6 Rxc1 29. Rxc1 Rc8 30. Rxc8+ Nxc8 31. Kf2 Kf8 32. Ke3 Ke7 33. Bd3 Kd6 34. Nb1
Kc6 35. Nc3 Nd6 36. Kf4 Nd7 37. Kg4 b5 38. Kh5 Nf8 39. g4 a5 40. g3 Nc4 41. Nd1
Kd6 42. g5 hxg5 43. Kxg5 a4 44. g4 e5 45. dxe5+ Kxe5 46. f4+ Kd4 47. Bf5 Ne3 48.
Nc3 Kc4 49. Bd7 d4 50. Bxb5+ Kc5 51. Ne2 Ne6+ 52. Kg6 Kxb5 53. Nxd4+ Nxd4 54.
Kxg7 Nxg4 55. f5 Nxf5+ 0-1

[Event "Titled Tue 17th Jun Late"]
[Site "chess.com INT"]
[Date "2025.06.17"]
[Round "8"]
[White "Toktomushev, Teimur"]
[Black "Gubajdullin, Alexei"]
[Result "1-0"]
[WhiteTitle "FM"]
[BlackTitle "FM"]
[WhiteElo "2390"]
[BlackElo "2233"]
[WhiteFideId "14176726"]
[BlackFideId "4141202"]
[EventDate "2025.06.17"]

1. d4 Nf6 2. c4 c5 3. d5 e6 4. Nc3 exd5 5. cxd5 d6 6. Nf3 g6 7. Nd2 Bg7 8. e4
O-O 9. Be2 a6 10. a4 Nbd7 11. O-O Re8 12. h3 Rb8 13. Qc2 Nh5 14. Bxh5 gxh5 15.
Ne2 b5 16. axb5 axb5 17. Ng3 Nf6 18. Nf3 h4 19. Nxh4 Nxd5 20. Nhf5 Nb4 21. Qe2
Be5 22. Bh6 Qf6 23. Qg4+ Qg6 24. Qh4 Bf6 25. Qf4 Bxb2 26. Ra7 Be5 27. Qd2 Nc6
28. Rc7 Nd4 29. Ne7+ Rxe7 30. Rxe7 Bxh3 31. Bf4 Bf6 32. Ra7 Rd8 33. Rfa1 Nb3 34.
Qd1 Nxa1 35. gxh3 h5 36. Kh2 Kh8 37. Rxa1 h4 38. Nf5 Rg8 39. Qg1 Bxa1 40. Qxa1+
Kh7 41. Qf1 b4 42. f3 b3 43. Qf2 Qf6 44. Bc1 c4 45. Bb2 c3 46. Bxc3 Qxc3 47.
Qxh4+ Kg6 48. Qh6# 1-0

[Event "Titled Tue 17th Jun Late"]
[Site "chess.com INT"]
[Date "2025.06.17"]
[Round "8"]
[White "Demchenko, Anton"]
[Black "Rustemov, Alexander"]
[Result "1-0"]
[WhiteTitle "GM"]
[BlackTitle "GM"]
[WhiteElo "2619"]
[BlackElo "2525"]
[WhiteFideId "4160258"]
[BlackFideId "4119002"]
[EventDate "2025.06.17"]

1. e4 e6 2. d4 d5 3. e5 c5 4. c3 Bd7 5. Nf3 Ne7 6. Bd3 Nbc6 7. O-O cxd4 8. cxd4
Nf5 9. Bc2 Qb6 10. Bxf5 exf5 11. Nc3 Be6 12. a3 h6 13. h4 Be7 14. h5 O-O 15. b4
Rac8 16. Qd3 Qd8 17. Bd2 Qd7 18. Rfc1 f4 19. Ne2 Bf5 20. Qb3 Bg4 21. b5 Nb8 22.
Nxf4 Rxc1+ 23. Rxc1 Rd8 24. Ba5 b6 25. Bd2 Bf8 26. a4 a5 27. Ne1 Qf5 28. Qc2 Qd7
29. Qc7 Ba3 30. Qxd7 Nxd7 31. Rc7 Nf8 32. f3 Bf5 33. g4 Bb1 34. Bc3 Ba2 35. Rc6
Rb8 36. Nc2 Bc1 37. Ne2 Bg5 38. f4 Bd8 39. Nc1 Bb1 40. Ne3 Ne6 41. f5 Nf4 42.
Kf2 Be4 43. Kg3 Bg5 44. Bd2 Ne2+ 45. Nxe2 Bd3 46. Nf4 Be2 47. Nfxd5 Bd1 48. e6 1-0

[Event "Titled Tue 17th Jun Late"]
[Site "chess.com INT"]
[Date "2025.06.17"]
[Round "8"]
[White "Sroczynski, Maciej"]
[Black "Playa, Marcelo"]
[Result "1-0"]
[WhiteTitle "FM"]
[BlackTitle "IM"]
[WhiteElo "2236"]
[BlackElo "2376"]
[WhiteFideId "1121472"]
[BlackFideId "102202"]
[EventDate "2025.06.17"]

1. e4 e6 2. d4 d5 3. Nc3 Bb4 4. e5 c5 5. Bd2 cxd4 6. Nb5 Bxd2+ 7. Qxd2 Nc6 8. f4
Nge7 9. Nd6+ Kf8 10. Nf3 Nf5 11. O-O-O Nxd6 12. exd6 Qxd6 13. g3 f6 14. Nxd4 Kf7
15. Bg2 Bd7 16. Rhe1 Rhe8 17. Nb5 Qb8 18. Bxd5 exd5 19. Qxd5+ Be6 20. Rxe6 Rxe6
21. f5 Qe5 22. fxe6+ Kg8 23. Qd7 Qxb5 24. Qf7+ Kh8 25. e7 Nxe7 26. Qxe7 Re8 27.
Rd8 Qf1+ 28. Kd2 Qg2+ 29. Kc3 Qc6+ 30. Kd3 Qf3+ 31. Kd2 Qf2+ 32. Kc3 Qf3+ 33.
Kb4 Qg4+ 34. c4 a5+ 35. Ka3 h5 36. Qxe8+ Kh7 37. Qg8+ Kh6 38. Qd5 Kh7 39. Rd7 b6
40. Rb7 Qe2 41. Qf5+ Kh6 42. Qf4+ Kh7 43. Rxb6 Qd3+ 44. b3 Qd8 45. Rb5 Qe7+ 46.
Ka4 1-0

[Event "Titled Tue 17th Jun Late"]
[Site "chess.com INT"]
[Date "2025.06.17"]
[Round "8"]
[White "Mekhitarian, Krikor Sevag"]
[Black "Salem, A.R. Saleh"]
[Result "0-1"]
[WhiteTitle "GM"]
[BlackTitle "GM"]
[WhiteElo "2564"]
[BlackElo "2627"]
[WhiteFideId "2107660"]
[BlackFideId "9301348"]
[EventDate "2025.06.17"]

1. Nf3 c5 2. c4 Nf6 3. Nc3 d5 4. cxd5 Nxd5 5. e3 e6 6. Nxd5 exd5 7. b4 c4 8. Bb2
Bxb4 9. Bxg7 Rg8 10. Bb2 Nc6 11. Qc2 Rg6 12. g3 Qe7 13. Bg2 Bg4 14. Nh4 O-O-O
15. Nxg6 hxg6 16. O-O Be2 17. Rfe1 Bd3 18. Qd1 f5 19. Bc3 Ba3 20. Bf1 Bxf1 21.
Rxf1 b5 22. Rb1 a6 23. d3 Qc5 24. Qe2 Re8 25. dxc4 dxc4 26. Rfd1 b4 27. Bf6 Re6
28. Bg7 Kc7 29. Bb2 Bxb2 30. Rxb2 a5 31. Rbd2 Re5 32. Rd7+ Kb6 33. Rg7 Rd5 34.
Rxg6 c3 35. Rc1 Qb5 36. Qf3 Rd2 37. h4 c2 38. h5 a4 39. h6 b3 40. axb3 axb3 41.
e4 Rd3 42. Qe2 Rd1+ 43. Qxd1 cxd1=Q+ 44. Rxd1 b2 45. h7 b1=Q 46. Rxb1 Qxb1+ 47.
Kh2 Qb2 48. Rg8 Qxf2+ 49. Kh3 Qf1+ 50. Kh4 Qh1+ 51. Kg5 Qxh7 0-1

[Event "Titled Tue 17th Jun Late"]
[Site "chess.com INT"]
[Date "2025.06.17"]
[Round "8"]
[White "Fathy, Elameir"]
[Black "Mulawa, Cyprian"]
[Result "1-0"]
[WhiteTitle "FM"]
[BlackTitle "FM"]
[WhiteElo "2300"]
[BlackElo "2324"]
[WhiteFideId "10600396"]
[BlackFideId "21001855"]
[EventDate "2025.06.17"]

1. d4 a6 2. Nf3 b5 3. g3 Bb7 4. Bg2 g6 5. O-O Bg7 6. a4 Nf6 7. axb5 axb5 8. Rxa8
Bxa8 9. Qd3 Be4 10. Qb3 c6 11. Nc3 d5 12. Nxe4 Nxe4 13. c3 O-O 14. Nd2 Nf6 15.
e4 e6 16. exd5 exd5 17. Nf3 Nbd7 18. Bf4 Ne4 19. Nd2 f5 20. Nxe4 fxe4 21. f3
exf3 22. Bxf3 Nb6 23. Qc2 Nc4 24. b3 Nd6 25. Bg2 Nf5 26. b4 Qe7 27. Qd2 Re8 28.
h3 Nd6 29. Bxd6 Qxd6 30. Qf2 Re7 31. h4 h5 32. Bh3 Bh6 33. Kg2 Kh7 34. Qf3 Bg7
35. g4 hxg4 36. Bxg4 Qd8 37. h5 gxh5 38. Bf5+ Kg8 39. Qxh5 Bf6 40. Kf3 Rg7 41.
Rh1 Qd6 42. Qe8+ Qf8 43. Rh8+ Kxh8 44. Qxf8+ Rg8 45. Qh6# 1-0

[Event "Titled Tue 17th Jun Late"]
[Site "chess.com INT"]
[Date "2025.06.17"]
[Round "8"]
[White "Liu, Xiangyi"]
[Black "Hansen, Eric"]
[Result "1-0"]
[WhiteTitle "IM"]
[BlackTitle "GM"]
[WhiteElo "2370"]
[BlackElo "2609"]
[WhiteFideId "8605718"]
[BlackFideId "2606771"]
[EventDate "2025.06.17"]

1. Nf3 d5 2. c4 e6 3. g3 Nf6 4. Bg2 Nbd7 5. O-O Be7 6. b3 O-O 7. Bb2 a5 8. Nc3
c6 9. d3 Re8 10. Qc2 Bf8 11. a3 h6 12. Rac1 Qb6 13. d4 Qa6 14. Nd2 dxc4 15. Nxc4
b5 16. Nd2 Bb7 17. Nce4 Rad8 18. e3 Rc8 19. Nc5 Nxc5 20. dxc5 Nd5 21. e4 Ne7 22.
Rfd1 Red8 23. e5 b4 24. Bf1 Qa7 25. Ne4 Rxd1 26. Rxd1 Nd5 27. a4 Ba6 28. Nd6 Ra8
29. Bc4 Qe7 30. Qe2 Qa7 31. Bxa6 Qxa6 32. Qf3 Qa7 33. Bd4 Rd8 34. h4 Rd7 35. h5
Qa6 36. Kg2 Ra7 37. Qe4 Rd7 38. g4 Qa8 39. Kg3 Qd8 40. f4 Be7 41. Rf1 Bh4+ 42.
Kh3 Be7 43. f5 Bg5 44. fxe6 fxe6 45. Qg6 Re7 46. Qe4 Rd7 47. Rf3 Qe7 48. Kg3
Bh4+ 49. Kg2 Bg5 50. Kf2 Bh4+ 51. Ke2 Bg5 52. Kd3 Ra7 53. Kc2 Rd7 54. Qg6 Rc7
55. Rf7 Qxf7 56. Nxf7 Rxf7 57. Qxe6 Ne7 58. Qd7 Rf4 59. Be3 Rf7 60. Bxg5 hxg5
61. Qe8+ Rf8 62. Qxe7 Rf2+ 63. Kd3 Rf3+ 64. Ke2 Rf4 1-0

[Event "Titled Tue 17th Jun Late"]
[Site "chess.com INT"]
[Date "2025.06.17"]
[Round "8"]
[White "Baturin-Vinogradov, Miroslav"]
[Black "Matinian, Nikita"]
[Result "0-1"]
[WhiteTitle "CM"]
[BlackTitle "GM"]
[WhiteElo "2046"]
[BlackElo "2421"]
[WhiteFideId "55745741"]
[BlackFideId "24129100"]
[EventDate "2025.06.17"]

1. e4 d6 2. Nf3 g6 3. d4 Bg7 4. Nc3 Nf6 5. h3 c6 6. a4 O-O 7. Bd3 e5 8. Be3 Nbd7
9. Qd2 Qe7 10. O-O a5 11. Bh6 Rd8 12. Bxg7 Kxg7 13. Rad1 h6 14. Qe3 Nh5 15. Ne2
Nf8 16. Bc4 Be6 17. Bxe6 Nxe6 18. dxe5 dxe5 19. Nxe5 Ng5 20. f4 Ne6 21. Nd3 Rd7
22. e5 Kh7 23. g4 Nhg7 24. Ng3 Rad8 25. Ne4 Ne8 26. f5 gxf5 27. gxf5 Nd4 28. e6
fxe6 29. f6 Qf8 30. Ne5 Rd5 31. Ng3 Nxf6 32. Rxd4 Rxd4 33. c3 Rd1 34. Nf3 Rxf1+
35. Kxf1 Qd6 36. Kf2 Rf8 37. Ne4 Nxe4+ 38. Qxe4+ Kh8 39. Qg4 Qf4 40. Qh5 Qf6 41.
Kg2 Rg8+ 42. Kf2 Qg6 43. Qe5+ Kh7 44. Qf4 Rg7 45. Ne5 Qf5 46. Ke3 Qxf4+ 47. Kxf4
Rg1 48. b4 Ra1 49. b5 Rxa4+ 0-1

[Event "Titled Tue 17th Jun Late"]
[Site "chess.com INT"]
[Date "2025.06.17"]
[Round "8"]
[White "Shandrygin, Nikita"]
[Black "Estrada Nieto, Julian"]
[Result "1-0"]
[WhiteTitle "FM"]
[BlackTitle "IM"]
[WhiteElo "2209"]
[BlackElo "2181"]
[WhiteFideId "24198668"]
[BlackFideId "5101018"]
[EventDate "2025.06.17"]

1. e4 e5 2. Nf3 Nc6 3. d4 exd4 4. c3 d5 5. exd5 Qxd5 6. cxd4 Bb4+ 7. Nc3 Bg4 8.
Be2 Bxf3 9. Bxf3 Qc4 10. Be3 Nge7 11. Rc1 O-O-O 12. Be2 Qxa2 13. O-O Qxb2 14.
Na4 Qa2 15. Bc4 Qa3 16. Ra1 Nf5 17. Rxa3 Bxa3 18. d5 Ne5 19. Ba2 Kb8 20. Qb3
Nxe3 21. Qxe3 Bd6 22. Rb1 Rhe8 23. Qb3 b6 24. Qb5 Ng4 25. g3 Ne5 26. Bb3 Nf3+
27. Kg2 Nd4 28. Qd3 Nxb3 29. Rxb3 g6 30. Nc3 Be5 31. Nb5 c6 32. Nd4 Bxd4 33.
Qxd4 Rxd5 34. Qf4+ Rde5 35. Qxf7 R5e7 36. Qf6 Kb7 37. h4 Rc7 38. Rf3 Rec8 39.
Qg5 a5 40. h5 gxh5 41. Qxh5 Ka6 42. g4 a4 43. Qe5 b5 44. Rf6 Ka5 45. Qc5 Ka6 46.
g5 Kb7 47. f4 Ra8 48. Qa3 Rd8 49. Re6 Rd4 50. Kg3 Rc4 51. Kg4 Rd7 52. Re7 Rxe7
53. Qxe7+ Kb6 54. Kh5 b4 55. f5 a3 56. Qe2 Rc3 57. f6 b3 58. f7 a2 59. f8=Q a1=Q
60. Qb8+ Kc5 61. Qe7+ Kc4 62. Qe4+ Kc5 63. Qbb4# 1-0

[Event "Titled Tue 17th Jun Late"]
[Site "chess.com INT"]
[Date "2025.06.17"]
[Round "8"]
[White "Fomevor, Cephas Clinton"]
[Black "Mansurova, Mumtozbegim"]
[Result "1/2-1/2"]
[WhiteTitle "CM"]
[BlackTitle "WCM"]
[WhiteElo "1883"]
[BlackElo "1800"]
[WhiteFideId "12601330"]
[BlackFideId "14215780"]
[EventDate "2025.06.17"]

1. d4 Nf6 2. c4 e6 3. Nc3 c5 4. Nf3 cxd4 5. Nxd4 a6 6. Bg5 Bb4 7. Qc2 h6 8. Bxf6
Qxf6 9. e3 Nc6 10. Nxc6 bxc6 11. Rc1 O-O 12. Be2 d5 13. O-O Bd7 14. a3 Bxc3 15.
Qxc3 Qxc3 16. Rxc3 Rfb8 17. b4 a5 18. bxa5 Rxa5 19. cxd5 cxd5 20. h3 Rb2 21. Bf3
Ra2 22. Rc7 Bb5 23. Rb1 R2xa3 24. Rc5 Bc4 25. Rc7 Ra7 26. Rb8+ Kh7 27. Rbb7 Rxb7
28. Rxb7 Kg6 29. Kh2 Kf6 30. Rd7 Ra2 31. Kg3 Ra5 32. h4 e5 33. Bh5 g6 34. Bd1
Ra6 35. h5 Ke6 36. Rc7 Bd3 37. Bg4+ f5 38. Bd1 gxh5 39. Rh7 d4 40. Rxh6+ Kd5 41.
Rxa6 Bxa6 42. exd4 exd4 43. Bxh5 d3 44. Kf4 Ke6 45. Ke3 Ke5 46. g3 Bc4 47. Bd1
Bb5 48. f3 Ba6 49. Bb3 Bb5 50. Bd1 Ba6 51. Bb3 Bb5 52. Bd1 1/2-1/2

[Event "Titled Tue 17th Jun Late"]
[Site "chess.com INT"]
[Date "2025.06.17"]
[Round "8"]
[White "Bluebaum, Matthias"]
[Black "Rustamov, Rustam"]
[Result "1-0"]
[WhiteTitle "GM"]
[BlackTitle "FM"]
[WhiteElo "2663"]
[BlackElo "2334"]
[WhiteFideId "24651516"]
[BlackFideId "13440110"]
[EventDate "2025.06.17"]

1. d4 Nf6 2. c4 e6 3. Nc3 d5 4. cxd5 exd5 5. Bg5 Bb4 6. Qb3 Nc6 7. e3 h6 8. Bh4
g5 9. Bg3 Ne4 10. Bd3 Qe7 11. Ne2 Nxg3 12. hxg3 Be6 13. a3 Bxc3+ 14. Nxc3 O-O-O
15. O-O-O a6 16. Kb1 Na5 17. Qa4 Nc4 18. Bxc4 dxc4 19. e4 Qf6 20. d5 Bd7 21.
Qxc4 Qxf2 22. Rc1 Kb8 23. Rhf1 Qxg2 24. Rxf7 Qxg3 25. Qd4 Rhe8 26. Qg7 Qd6 27.
Rf6 Qe5 28. Qxh6 Rh8 29. Qg7 Rhg8 30. Qf7 g4 31. Rg6 Rxg6 32. Qxg6 Bc8 33. Na4
Re8 34. Nc5 Re7 35. Qg8 Re8 36. Qg6 Re7 37. Ka1 b6 38. Nd3 Qxe4 39. Qg5 a5 40.
d6 Rd7 41. Nf2 Qe6 42. dxc7+ Rxc7 43. Qf4 Qe7 44. Nxg4 Kb7 45. Rxc7+ Qxc7 46.
Ne5 Be6 47. Qe4+ Ka6 48. Qa8+ Qa7 49. Qc6 Bg8 50. Nd7 1-0

[Event "Titled Tue 17th Jun Late"]
[Site "chess.com INT"]
[Date "2025.06.17"]
[Round "8"]
[White "Petrenko, Maryna"]
[Black "Garcia Hernandez, Rebeca"]
[Result "1-0"]
[WhiteTitle "WFM"]
[BlackTitle "WCM"]
[WhiteElo "2062"]
[BlackElo "1904"]
[WhiteFideId "14197820"]
[BlackFideId "5180872"]
[EventDate "2025.06.17"]

1. d4 d5 2. c4 c6 3. cxd5 cxd5 4. Nc3 Nc6 5. Nf3 Nf6 6. Bf4 a6 7. e3 e6 8. Bd3
Bd6 9. Ne5 Qc7 10. Qa4 O-O 11. Nxc6 Bxf4 12. Nb4 Bd6 13. h3 Bd7 14. Qb3 b5 15.
Nc2 b4 16. Ne2 a5 17. a4 Rfc8 18. O-O Qb7 19. Rfc1 Rc7 20. Ne1 Rac8 21. Rxc7
Rxc7 22. Nf3 Qc8 23. Rd1 Qb7 24. Ne5 Qc8 25. Nxd7 Nxd7 26. Bb5 Nb6 27. Bd3 Nc4
28. Qa2 Nb6 29. b3 Nd7 30. Qd2 Nf6 31. Kh1 Ne4 32. Bxe4 dxe4 33. Rc1 Rxc1+ 34.
Qxc1 Qxc1+ 35. Nxc1 Kf8 36. Ne2 Ke7 37. Kg1 Kd7 38. Kf1 Kc6 39. Ke1 Kd5 40. Kd2
Kc6 41. f3 Kd5 42. Kc2 f5 43. Ng1 Kc6 44. Kd2 Kd5 45. Ne2 g6 46. Ke1 Bc7 47. Kf2
Bd6 48. g4 Bc7 49. g5 Bd6 50. h4 Be7 51. f4 Bd6 52. Ng3 Bf8 53. h5 Be7 54. Ke2
Bd8 55. Kd2 Bc7 56. hxg6 hxg6 57. Nh5 Bd8 58. Ng7 1-0

[Event "Titled Tue 17th Jun Late"]
[Site "chess.com INT"]
[Date "2025.06.17"]
[Round "8"]
[White "Mayaud, Raphael"]
[Black "El Jawich, Amro"]
[Result "1-0"]
[WhiteTitle "CM"]
[BlackTitle "FM"]
[WhiteElo "2126"]
[BlackElo "2307"]
[WhiteFideId "627151"]
[BlackFideId "5300380"]
[EventDate "2025.06.17"]

1. c4 g6 2. Nf3 Bg7 3. g3 c5 4. Bg2 Nc6 5. O-O Rb8 6. Nc3 a6 7. a4 d6 8. b3 e6
9. Bb2 Nge7 10. Qc1 O-O 11. Ne4 e5 12. Nc3 h6 13. Nd5 Nxd5 14. cxd5 Nd4 15. Nxd4
cxd4 16. Qc4 b5 17. axb5 axb5 18. Qb4 Qb6 19. Qa5 Qb7 20. Qa7 Bd7 21. Rfc1 Rfc8
22. Qxb7 Rxb7 23. Rxc8+ Bxc8 24. Rc1 Bd7 25. Be4 f5 26. Bd3 Kf7 27. Ra1 Bf6 28.
f3 Bg5 29. Bc1 Be8 30. h4 Be7 31. Ra6 g5 32. hxg5 hxg5 33. Ba3 g4 34. fxg4 e4
35. Bc2 Rc7 36. Bb1 Kf6 37. Bb2 Ke5 38. e3 fxg4 39. Bxd4+ Kxd5 40. Bc3 b4 41.
Ra5+ Ke6 42. Bb2 d5 43. Kf2 Bd6 44. Ra6 Bb5 45. Rb6 Bd7 46. Bd4 Rc1 47. Ba2 Rc2
48. Ra6 Rxd2+ 49. Ke1 Rg2 50. Bc5 Rxa2 51. Rxd6+ Ke7 52. Rxd5+ Ke8 53. Re5+ Kd8
54. Rxe4 Ra1+ 55. Ke2 Bc6 56. Rd4+ Kc7 57. e4 Ra2+ 58. Ke3 Rg2 59. Kf4 1-0

[Event "Titled Tue 17th Jun Late"]
[Site "chess.com INT"]
[Date "2025.06.17"]
[Round "8"]
[White "Rao, Anjaneya Sripathy"]
[Black "Graif, William"]
[Result "0-1"]
[WhiteTitle "CM"]
[BlackTitle "FM"]
[WhiteElo "2217"]
[BlackElo "2211"]
[WhiteFideId "30954770"]
[BlackFideId "2609835"]
[EventDate "2025.06.17"]

1. e4 e5 2. Nf3 Bc5 3. c3 d5 4. exd5 Nf6 5. Be2 e4 6. Nd4 Bxd4 7. Qa4+ c6 8.
Qxd4 O-O 9. d6 Re8 10. O-O Re6 11. d7 Nbxd7 12. d3 c5 13. Qa4 Qe7 14. Qc2 exd3
15. Bxd3 Re1 16. Bf4 Rxf1+ 17. Kxf1 Ne5 18. Qe2 Nfd7 19. Qe4 Ng6 20. Qxe7 Nxe7
21. Bd6 Nc6 22. Na3 b6 23. Be4 Bb7 24. Bf3 Na5 25. Bxb7 Nxb7 26. Bf4 f6 27. Rd1
Rd8 28. Nb5 a6 29. Nc7 Nb8 30. Rxd8+ Nxd8 31. Nd5 Nd7 32. Nxb6 Nxb6 33. Bc7 Na4
34. Bxd8 Nxb2 35. Ke2 c4 36. Be7 Kf7 37. Ba3 Na4 38. Bb4 Ke6 39. Ke3 Kd5 40. Bf8
g6 41. Bg7 f5 42. Bd4 Nb2 43. f3 a5 44. Kd2 a4 45. Kc2 Nd3 46. a3 Ne1+ 47. Kd2
Nxg2 48. Ke2 Nf4+ 49. Ke3 Ne6 50. Bf6 f4+ 51. Kd2 g5 52. Bh8 h5 53. Bf6 g4 54.
fxg4 hxg4 55. Bh4 Ke4 56. Bf2 Ng5 57. Bc5 Nf3+ 58. Ke2 Nxh2 59. Kf2 g3+ 60. Kg2
Ng4 61. Ba7 Ne3+ 62. Kg1 f3 63. Kh1 f2 64. Bxe3 f1=Q+ 65. Bg1 Qh3+ 66. Bh2 Qxh2# 0-1

[Event "Titled Tue 17th Jun Late"]
[Site "chess.com INT"]
[Date "2025.06.17"]
[Round "8"]
[White "Hakobyan, Aram"]
[Black "Yilmaz, Mustafa"]
[Result "1-0"]
[WhiteTitle "GM"]
[BlackTitle "GM"]
[WhiteElo "2620"]
[BlackElo "2586"]
[WhiteFideId "13306677"]
[BlackFideId "6302718"]
[EventDate "2025.06.17"]

1. d4 Nf6 2. c4 e6 3. Nc3 Bb4 4. e3 O-O 5. a3 Bxc3+ 6. bxc3 d6 7. Ne2 e5 8. Ng3
Re8 9. f3 Nc6 10. e4 b6 11. Be2 Ba6 12. O-O Na5 13. Nf5 Nd7 14. Qe1 Bxc4 15.
Bxc4 Nxc4 16. Qg3 Qf6 17. Bh6 Qg6 18. Nxg7 Qxg3 19. hxg3 Re7 20. Nf5 Re6 21. Kf2
c6 22. Rh1 d5 23. Rh4 Rae8 24. Ng7 dxe4 25. Nxe8 Rxe8 26. Rg4+ Kh8 27. Bg7+ Kg8
28. Bxe5+ Kf8 29. Bg7+ Ke7 30. Rxe4+ Kd8 31. Rxe8+ Kxe8 32. a4 f6 33. Bh6 Kf7
34. Bf4 a5 35. Bc7 Ke6 36. Ke2 Kd5 37. Rh1 Nf8 38. Kd3 Nb2+ 39. Kc2 Nc4 40. Rh6
Ke6 41. Kb3 Nd2+ 42. Kc2 Nc4 43. g4 Kf7 44. Bd8 Nd7 45. Rxh7+ Ke6 46. g5 Ne3+
47. Kd2 Nxg2 48. Bxf6 Nf4 49. Re7+ Kd6 50. Re4 Nh5 51. Be5+ Kd5 52. Kd3 b5 53.
Rh4 Nxe5+ 54. dxe5 Ng3 55. g6 Nf5 56. Rg4 Ng7 57. f4 bxa4 58. c4+ Ke6 59. Ke4 a3
60. Rg3 a2 61. Ra3 Nf5 62. Rxa2 Ng3+ 63. Kf3 Nf5 64. Kg4 Ne3+ 65. Kg5 Nxc4 66.
f5+ Kxe5 67. g7 Nd6 68. Re2+ 1-0

[Event "Titled Tue 17th Jun Late"]
[Site "chess.com INT"]
[Date "2025.06.17"]
[Round "8"]
[White "Bacus, Dharim"]
[Black "Wu, William"]
[Result "1/2-1/2"]
[WhiteTitle "FM"]
[WhiteElo "2131"]
[BlackElo "1998"]
[WhiteFideId "5201527"]
[BlackFideId "39940411"]
[EventDate "2025.06.17"]

1. e4 c5 2. Nf3 d6 3. d4 cxd4 4. Nxd4 Nf6 5. Nc3 a6 6. Bg5 e6 7. f4 Be7 8. Qf3
Nbd7 9. O-O-O Qc7 10. Be2 b5 11. e5 Bb7 12. Qg3 dxe5 13. fxe5 Qxe5 14. Bf4 Qc5
15. Qxg7 Rg8 16. Qh6 Rg6 17. Qh3 Bxg2 18. Qe3 Bxh1 19. Rxh1 e5 20. Qf3 Rc8 21.
Nb3 Qc6 22. Bg3 e4 23. Qe3 b4 24. Nd4 Qb7 25. Na4 Nc5 26. Nxc5 Bxc5 27. Rd1 Kf8
28. Be5 Nd7 29. Bg3 Bd6 30. Nf5 Bxg3 31. hxg3 Qc7 32. Rd2 Nb6 33. Qxe4 Re6 34.
Qxb4+ Qc5 35. Rd8+ Re8 36. Rxe8+ Kxe8 37. Nd6+ Kd7 38. Bg4+ Kxd6 39. Qf4+ Kc6
40. Bxc8 Nxc8 41. Qf6+ Kb7 42. Qxf7+ Qc7 43. Qf3+ Qc6 44. Qh5 Qd7 45. g4 Qd4 46.
Qxh7+ Kb6 47. Qf5 Qg1+ 48. Kd2 Qg2+ 49. Kc3 Qg3+ 50. Kb4 Qc7 51. c4 Nd6 52. Qe6
Qc5+ 53. Kb3 Kc6 54. g5 Qb6+ 55. Kc3 Qa5+ 56. Kb3 Qxg5 57. a4 Qg3+ 58. Ka2 Qd3
59. b3 Qd2+ 60. Ka3 Qc1+ 61. Kb4 Qd2+ 62. Ka3 a5 63. Qg6 Qc1+ 64. Ka2 Qd2+ 65.
Ka3 Qb4+ 66. Ka2 Qd2+ 67. Ka3 1/2-1/2